[Event "HZ Open"]
[Site "Vlissingen NED"]
[Date "2006.08.08"]
[Round "5"]
[White "Friesen,B"]
[Black "Van Riemsdijk,H"]
[Result "0-1"]
[WhiteElo "2146"]
[BlackElo "2376"]
[EventDate "2006.08.05"]

1. e4 e5 2. Nf3 Nc6 3. Bb5 a6 4. Bxc6 dxc6 5. O-O Bd6 6. d4 exd4 7. Qxd4 f6
8. Be3 Ne7 9. Nbd2 Be6 10. Rad1 c5 11. Qc3 b6 12. Nc4 Ng6 13. Rfe1 Qe7 14.
Nxd6+ cxd6 15. Qd3 Kd7 16. b4 Rhc8 17. bxc5 bxc5 18. Rb1 Bxa2 19. Rb7+ Rc7
20. Rxc7+ Kxc7 21. c4 Rb8 22. Ra1 Bb3 23. Nd2 Qe5 24. Rxa6 Bd1 25. Qa3 Ne7
26. Ra7+ Kd8 27. Qa5+ Ke8 28. f4 Qe6 29. Qa6 Kf7 30. Rc7 Bc2 31. Qa7 Re8
32. e5 fxe5 33. Nf3 h6 34. fxe5 Bd1 35. Bf2 Bxf3 36. exd6 Qxd6 37. gxf3 Kg8
38. Bxc5 Qd1+ 39. Kg2 Nf5 40. Bf2 Qe2 41. Qb7 Re6 42. Rc8+ Kh7 43. Qb1 Rg6+
0-1

[Event "HZ Open"]
[Site "Vlissingen NED"]
[Date "2006.08.08"]
[Round "5"]
[White "Saptarshi,R"]
[Black "Haak,E"]
[Result "1-0"]
[WhiteElo "2373"]
[BlackElo "2189"]
[EventDate "2006.08.05"]

1. d4 Nf6 2. Nc3 d5 3. Bg5 Nbd7 4. f3 e6 5. e4 h6 6. Bf4 Bb4 7. e5 Bxc3+ 8.
bxc3 Ng8 9. c4 Ne7 10. Qd2 dxc4 11. Bxc4 Nb6 12. Bd3 Qd5 13. Ne2 Nc6 14. c3
Bd7 15. Rb1 Na5 16. Be4 Nac4 17. Qc1 Qa5 18. Bxb7 Rb8 19. Be4 g5 20. Bg3
Qxa2 21. Ra1 Qb3 22. Rxa7 Nd5 23. Bxd5 exd5 24. e6 Bxe6 25. Bxc7 Rc8 26. h4
Nb2 27. O-O Qc4 28. Qxb2 Rxc7 29. Qb8+ 1-0

[Event "HZ Open"]
[Site "Vlissingen NED"]
[Date "2006.08.08"]
[Round "5"]
[White "Wolferink,F"]
[Black "Roktim,B"]
[Result "1/2-1/2"]
[WhiteElo "2141"]
[BlackElo "2365"]
[EventDate "2006.08.05"]

1. e4 e5 2. Nf3 Nc6 3. d4 exd4 4. Bc4 d6 5. Nxd4 Nf6 6. Nxc6 bxc6 7. Nc3
Be7 8. O-O O-O 9. Re1 Kh8 10. Bf4 Nd7 11. Qf3 Bf6 12. Bb3 Ne5 13. Qe2 Ng6
14. Bg3 Bxc3 15. bxc3 f5 16. f3 f4 17. Bf2 Qg5 18. Kh1 Ne5 19. Bd4 c5 20.
Bxe5 Qxe5 21. Qb5 Qe8 22. Qxe8 Rxe8 23. Bd5 Rb8 24. Rab1 Rb6 25. Bf7 Re7
26. Bc4 Bd7 27. g3 fxg3 28. hxg3 g6 29. Kg2 Kg7 30. Kf2 Kf6 31. Red1 Re8
32. Rb3 Be6 33. Bxe6 Kxe6 34. g4 Kf6 35. Rh1 Kg7 36. Rd1 Kf6 37. Rh1 Re7
38. a3 Kg7 39. c4 Re8 40. Rhb1 Reb8 41. f4 h6 42. Kf3 Rxb3+ 43. Rxb3 Rxb3+
44. cxb3 a5 45. a4 Kf6 46. Ke3 c6 47. Kf3 Ke6 48. Ke3 d5 49. cxd5+ cxd5 50.
exd5+ Kxd5 51. Kf3 Kd4 52. Kf2 Ke4 53. Kg3 Kd3 54. Kf3 h5 55. Kg3 hxg4 56.
Kxg4 Kc3 57. Kg5 Kxb3 58. Kxg6 c4 59. f5 c3 60. f6 c2 61. f7 c1=Q 62. f8=Q
Qg1+ 63. Kh7 Qh2+ 64. Kg6 1/2-1/2

[Event "HZ Open"]
[Site "Vlissingen NED"]
[Date "2006.08.08"]
[Round "5"]
[White "Grooten,H"]
[Black "Vanderhallen,N"]
[Result "1-0"]
[WhiteElo "2362"]
[BlackElo "2189"]
[EventDate "2006.08.05"]

1. d4 Nf6 2. c4 g6 3. Nc3 Bg7 4. e4 d6 5. Nf3 O-O 6. Be2 e5 7. Be3 Ng4 8.
Bg5 f6 9. Bh4 g5 10. Bg3 Nh6 11. d5 f5 12. exf5 g4 13. Nd2 Bxf5 14. Nf1 Nd7
15. Ne3 Nc5 16. Nxf5 Nxf5 17. Bxg4 Nxg3 18. hxg3 e4 19. O-O Bxc3 20. bxc3
Qg5 21. Be6+ Nxe6 22. dxe6 Rf5 23. Qd4 Re5 24. Rae1 Qf5 25. e7 Rxe7 26. f3
Rae8 27. fxe4 Qg6 28. Qd5+ Re6 29. Qxb7 Rxe4 30. Qd5+ R4e6 31. Rxe6 Rxe6
32. Re1 Kf7 33. Rxe6 Qxe6 34. Kf2 Qxd5 35. cxd5 Kf6 36. c4 Kf5 37. Kf3 h5
38. g4+ hxg4+ 39. Ke3 g3 40. Kf3 Ke5 41. Kxg3 Kd4 42. Kf4 Kxc4 43. Ke4 Kc5
44. g4 c6 45. g5 cxd5+ 46. Kd3 1-0

[Event "HZ Open"]
[Site "Vlissingen NED"]
[Date "2006.08.08"]
[Round "5"]
[White "Jimenez Martin,G"]
[Black "Schlawin,M"]
[Result "0-1"]
[WhiteElo "2133"]
[BlackElo "2349"]
[EventDate "2006.08.05"]

1. d4 e6 2. Nc3 Nf6 3. e4 d5 4. Bg5 Bb4 5. Nge2 dxe4 6. a3 Be7 7. Bxf6 gxf6
8. Nxe4 f5 9. N4c3 Nd7 10. g3 Nf6 11. Qd3 c6 12. O-O-O Bd7 13. Bg2 Qa5 14.
Kb1 Qc7 15. h3 h5 16. h4 O-O-O 17. Qc4 Kb8 18. Nf4 c5 19. d5 e5 20. Nd3 Ne8
21. Rhe1 Bd6 22. Nb5 Bxb5 23. Qxb5 a6 24. Qa4 e4 25. Nc1 Be5 26. c4 Rh6 27.
Re2 Bh8 28. Na2 Nd6 29. Qc2 b5 30. Qd2 Rg6 31. cxb5 Nxb5 32. Re3 Rb6 33.
Rc1 Rxd5 34. Qxd5 Nxa3+ 35. Rxa3 Rxb2+ 36. Ka1 Rd2+ 37. Kb1 Qb6+ 38. Rb3
Rb2+ 39. Ka1 Rxb3+ 40. Nc3 Qa5+ 0-1

[Event "HZ Open"]
[Site "Vlissingen NED"]
[Date "2006.08.08"]
[Round "5"]
[White "Bodicker,R"]
[Black "Ziska,H"]
[Result "0-1"]
[WhiteElo "2111"]
[BlackElo "2333"]
[EventDate "2006.08.05"]

1. d4 f5 2. g3 Nf6 3. Bg2 g6 4. b3 Bg7 5. Bb2 d6 6. Nf3 O-O 7. O-O Na6 8.
c4 Qe8 9. d5 h6 10. Qc2 c5 11. Nc3 g5 12. a3 f4 13. gxf4 gxf4 14. Ne4 Nh5
15. Bxg7 Nxg7 16. Qc3 Nf5 17. Kh1 Qh5 18. Rg1 Kf7 19. Bh3 Ke8 20. Bg4 Qf7
21. Ne5 dxe5 22. Qxe5 Kd8 23. Rad1 Bd7 24. Qxf4 Nd6 25. Qe5 Bxg4 26. Nxd6
Bf3+ 27. Rg2 Bxg2+ 28. Kxg2 Qg6+ 0-1

[Event "HZ Open"]
[Site "Vlissingen NED"]
[Date "2006.08.08"]
[Round "5"]
[White "Swinkels,R"]
[Black "In't Veld,D"]
[Result "1/2-1/2"]
[WhiteElo "2286"]
[BlackElo "2176"]
[EventDate "2006.08.05"]

1. e4 e5 2. Nf3 Nc6 3. d4 exd4 4. Nxd4 Bc5 5. Nb3 Bb6 6. a4 a6 7. Nc3 d6 8.
Nd5 Ba7 9. Be3 Bxe3 10. Nxe3 Nf6 11. Bd3 O-O 12. O-O Re8 13. f3 Be6 14. c4
a5 15. Rf2 b6 16. Rc1 Nd7 17. Bc2 Nce5 18. Bb1 h5 19. Nd4 Nc5 20. b3 Qf6
21. Ne2 Qh6 22. Rc3 h4 23. Nd4 Qh5 24. Bc2 Rac8 25. Qb1 Bd7 26. Nd5 Be6 27.
Ne3 Bd7 28. Nd5 Be6 29. Re3 Qh6 30. Qe1 Kf8 31. Nc3 Bd7 32. Rd2 Nc6 33.
Nxc6 Bxc6 34. Rde2 Nd7 35. Qf2 Nf6 36. Re1 Re7 37. R3e2 Rce8 38. Nd1 Bd7
39. Ne3 Be6 40. f4 Ng4 41. Qf3 Nxe3 42. Rxe3 Bd7 43. e5 dxe5 44. fxe5 Bc6
45. Qf2 Kg8 46. Be4 Bxe4 47. Rxe4 Qg5 48. Qxh4 Qxh4 49. Rxh4 Rxe5 50. Rxe5
Rxe5 51. Kf2 f6 52. Rd4 Re6 53. Rd7 c5 54. h4 Kh7 55. Rb7 Kh6 56. g3 Rd6
57. Ke3 g5 58. Ke4 gxh4 59. gxh4 Kg6 60. Rb8 Rd4+ 61. Ke3 Rd6 62. Ke4 Rd4+
63. Ke3 Rd6 64. Rg8+ Kh7 65. Rg3 Rd4 66. Rf3 Rxh4 67. Rxf6 Rh3+ 68. Rf3 Rh4
69. Rf4 Rh3+ 70. Rf3 Rh4 71. Rg3 Kh6 72. Kf2 Rf4+ 73. Ke2 Rh4 74. Rd3 Rh2+
75. Kd1 Kg7 76. Rd7+ Kf6 77. Rd6+ Ke5 78. Rxb6 Kd4 79. Rb5 Kd3 80. Ke1 Kc3
81. Kd1 Kd3 82. Ke1 Kc3 83. Kf1 Rb2 84. Rxa5 Rxb3 85. Rxc5 Ra3 86. Rc8 Rxa4
87. c5 Kc4 88. c6 Kc5 89. Ke2 Ra6 90. c7 Ra7 91. Ke3 Kc6 92. Ke4 Rxc7 93.
Rxc7+ Kxc7 1/2-1/2

[Event "HZ Open"]
[Site "Vlissingen NED"]
[Date "2006.08.08"]
[Round "5"]
[White "Van Leent,D"]
[Black "Van Dort,L"]
[Result "1-0"]
[WhiteElo "2262"]
[BlackElo "2101"]
[EventDate "2006.08.05"]

1. c4 f5 2. g3 Nf6 3. Bg2 g6 4. Nc3 Bg7 5. d3 d6 6. e4 Nc6 7. Nge2 O-O 8.
O-O e5 9. Bg5 Ne7 10. Qd2 c6 11. Rad1 Be6 12. b3 Qd7 13. f4 Rad8 14. d4
Nxe4 15. Nxe4 fxe4 16. dxe5 d5 17. cxd5 cxd5 18. Bxe4 dxe4 19. Qxd7 Rxd7
20. Rxd7 Bxd7 21. Bxe7 Rc8 22. Rc1 Rxc1+ 23. Nxc1 Kf7 24. Bd6 Ke6 25. Kf2
g5 26. Ke3 gxf4+ 27. gxf4 Kf5 28. Ne2 Bh6 29. Nd4+ Kg4 30. e6 Be8 31. Kxe4
1-0

[Event "HZ Open"]
[Site "Vlissingen NED"]
[Date "2006.08.08"]
[Round "5"]
[White "Sonder,P"]
[Black "Vedder,R"]
[Result "0-1"]
[WhiteElo "2107"]
[BlackElo "2229"]
[EventDate "2006.08.05"]

1. e4 c5 2. d4 cxd4 3. c3 dxc3 4. Nxc3 Nc6 5. Nf3 d6 6. Bc4 a6 7. Bg5 Nf6
8. Bxf6 gxf6 9. Nh4 e6 10. O-O Be7 11. Qh5 Ne5 12. Bb3 Bd7 13. Kh1 Ng6 14.
Nf5 Bc6 15. Ng7+ Kd7 16. Bxe6+ fxe6 17. f4 Qg8 18. Nxe6 Qxe6 19. e5 Nxf4
20. Rxf4 fxe5 21. Rf2 Raf8 0-1

[Event "HZ Open"]
[Site "Vlissingen NED"]
[Date "2006.08.08"]
[Round "5"]
[White "Mombiela Martinez,G"]
[Black "Lacrosse,M"]
[Result "1/2-1/2"]
[WhiteElo "2102"]
[BlackElo "2225"]
[EventDate "2006.08.05"]

1. e4 e5 2. Nf3 Nc6 3. Nc3 Nf6 4. Bb5 Bb4 5. O-O O-O 6. d3 d6 7. Bg5 Bxc3
8. bxc3 Qe7 9. Re1 Nd8 10. d4 Ne6 11. Bh4 Nf4 12. Bg5 Ng6 13. h3 h6 14. Bc1
c5 15. Bc4 Be6 16. Bxe6 Qxe6 17. Qe2 Nh5 18. Ng5 hxg5 19. Qxh5 cxd4 20.
cxd4 exd4 21. Qxg5 Rac8 22. Qd2 Qc4 23. Bb2 Rc6 24. Bxd4 Qxc2 25. Re2 Qxd2
26. Rxd2 a6 27. a4 Rfc8 28. a5 Kf8 29. Kh2 Rc2 30. Rxc2 Rxc2 31. Rb1 Rc7
32. Rb6 Rd7 33. Bc3 Ne7 34. f4 Nc6 35. Kg3 f6 36. Kg4 Kf7 37. Rb2 Re7 38.
Kf3 Ke8 39. Rd2 Rd7 40. g4 Kf7 41. h4 Ne7 42. h5 d5 43. exd5 Nxd5 44. g5
fxg5 45. fxg5 b6 46. axb6 Nxb6 47. Rxd7+ Nxd7 48. h6 gxh6 49. gxh6 Kg6 50.
Bg7 1/2-1/2

[Event "HZ Open"]
[Site "Vlissingen NED"]
[Date "2006.08.08"]
[Round "5"]
[White "Van Zutphen,J"]
[Black "Stange,W"]
[Result "1/2-1/2"]
[WhiteElo "2194"]
[BlackElo "2117"]
[EventDate "2006.08.05"]

1. d4 Nf6 2. c3 d6 3. Bg5 Nbd7 4. Nd2 g6 5. e3 Bg7 6. Bd3 h6 7. Bh4 c5 8.
Ne2 a6 9. O-O b6 10. e4 e5 11. f4 exf4 12. Bxf6 Bxf6 13. Rxf4 O-O 14. Nc4
Bg5 15. Rf3 Qe7 16. Qf1 Bb7 17. Ng3 Rae8 18. Ne3 Bxe3+ 19. Rxe3 f5 20. Rf3
fxe4 21. Rxf8+ Rxf8 22. Qe2 d5 23. Bxa6 Bxa6 24. Qxa6 cxd4 25. Qb5 Qc5 26.
Qxc5 bxc5 27. Rd1 d3 28. c4 Nf6 29. cxd5 Rd8 30. Nxe4 Nxe4 31. Rxd3 Nf6 32.
d6 Ne4 33. d7 Nf6 34. Rd6 Kf7 35. Rc6 Nxd7 36. a3 Rb8 37. b4 cxb4 38. axb4
Rxb4 39. h3 h5 40. Kh2 h4 41. Rd6 Nf6 42. Rc6 Ne4 43. Rc1 Kf6 44. Rf1+ Kg5
45. Rd1 Rb2 46. Re1 Kf4 47. Rf1+ Rf2 48. Re1 Ng5 49. Rc1 Nf3+ 50. Kh1 Kg3
51. gxf3 Rh2+ 52. Kg1 Rxh3 53. Rc3 Kf4 54. Kg2 Rg3+ 55. Kf2 Kg5 56. Rc5+
Kh6 57. Rc6 Rg5 58. Rc4 Kh5 59. Rc8 Ra5 60. Kg2 Rg5+ 61. Kf2 Ra5 62. Kg2
Ra2+ 63. Kh3 Rf2 64. Rf8 Kg5 65. Rf7 Rf1 1/2-1/2

[Event "HZ Open"]
[Site "Vlissingen NED"]
[Date "2006.08.08"]
[Round "5"]
[White "Westerweele,M"]
[Black "Van den Berg,Ad"]
[Result "0-1"]
[WhiteElo "1967"]
[BlackElo "2175"]
[EventDate "2006.08.05"]

1. e4 c5 2. d4 cxd4 3. c3 g6 4. Nf3 Bg7 5. cxd4 d5 6. e5 Bg4 7. Nc3 Nc6 8.
Bb5 Bxf3 9. Qxf3 e6 10. O-O Qb6 11. Qd3 Nge7 12. Na4 Qc7 13. Bg5 O-O 14.
Rac1 f6 15. exf6 Bxf6 16. Bxf6 Rxf6 17. Nc5 a6 18. Bxc6 Nxc6 19. Qe3 Re8
20. f4 Re7 21. g3 Qb6 22. b3 Qb4 23. Rfd1 Qb6 24. Qc3 Na7 25. Qe3 Nb5 26.
Qe5 Rf5 27. Qe3 Rf8 28. Re1 Nd6 29. Kh1 Nf5 30. Qd2 h5 31. Re2 Rc8 32. b4
Kf7 33. Rce1 Rce8 34. Re5 Qb5 35. Rd1 Qc4 36. Nb3 b6 37. Rc1 Qb5 38. Qc3
Qa4 39. Re2 Qa3 40. Qb2 Qxb4 41. Qc3 Qb5 42. Rec2 Nd6 43. Qe1 Qa4 44. Qe5
Nc4 45. Qg5 Qa3 46. Rg1 Ne3 47. Re2 Ng4 48. h3 Nf6 49. Rh2 Rh8 50. Qe5 a5
51. g4 hxg4 52. Rg3 a4 53. Rxg4 axb3 54. Rxg6 Kxg6 55. f5+ exf5 56. Qg3+
Kf7 57. Rg2 Rg8 0-1

[Event "HZ Open"]
[Site "Vlissingen NED"]
[Date "2006.08.08"]
[Round "5"]
[White "Van Hecke,E"]
[Black "Bekaert,P"]
[Result "1-0"]
[WhiteElo "2156"]
[BlackElo "2044"]
[EventDate "2006.08.05"]

1. d4 Nf6 2. c4 g6 3. Nc3 c5 4. d5 d6 5. Nf3 Bg7 6. e4 O-O 7. h3 a6 8. Bf4
b5 9. e5 dxe5 10. Nxe5 Bb7 11. Be2 bxc4 12. Bxc4 Nfd7 13. Qe2 Nxe5 14. Bxe5
Nd7 15. Bxg7 Kxg7 16. O-O Nf6 17. Rad1 Qd6 18. Rfe1 Rfe8 19. Bb3 Bc8 20.
Qe3 Bd7 21. Qe5 a5 22. Ba4 Bxa4 23. Nxa4 Qxe5 24. Rxe5 Nd7 25. Re2 Rac8 26.
Rc2 Rc7 27. Re1 Kf8 28. b3 Rec8 29. Rd1 Re8 30. Nc3 Rb8 31. Na4 Re8 32. Nb2
Nb6 33. d6 exd6 34. Rxd6 Re1+ 35. Kh2 Re6 36. Rxe6 fxe6 37. Nc4 Nxc4 38.
Rxc4 Ke7 39. Kg3 Kd6 40. Kf4 Kd5 41. Ke3 Rb7 42. Ra4 Ra7 43. Kd3 Kc6 44. f3
Rd7+ 45. Ke2 Kb5 46. Re4 Rd6 47. h4 Rc6 48. a4+ Kb6 49. Kd3 Rd6+ 50. Kc3
Kc6 51. h5 Kd5 52. Rg4 e5 53. hxg6 hxg6 54. Rh4 Kc6 55. Rh8 Rd1 56. Rg8 Rd6
57. Re8 Rd5 58. Re6+ 1-0

[Event "HZ Open"]
[Site "Vlissingen NED"]
[Date "2006.08.08"]
[Round "5"]
[White "Eng,A"]
[Black "Hekhuis,J"]
[Result "0-1"]
[WhiteElo "1947"]
[BlackElo "2138"]
[EventDate "2006.08.05"]

1. e4 c5 2. d4 cxd4 3. c3 d5 4. Qxd4 dxe4 5. Qxe4 Nf6 6. Qc2 g6 7. Bc4 Bg7
8. Nf3 O-O 9. Be3 Nc6 10. O-O Qc7 11. Na3 a6 12. Rfe1 Bf5 13. Qe2 b5 14.
Bb3 Ng4 15. Bc2 Be6 16. Be4 Rad8 17. h3 Nxe3 18. Qxe3 b4 19. Nc2 bxc3 20.
bxc3 Bd5 21. Bxd5 Rxd5 22. Rad1 Rfd8 23. Rxd5 Rxd5 24. Nb4 Nxb4 25. cxb4 e6
26. Qb3 Qd6 27. a4 Rd3 28. Qc4 Bc3 29. Rb1 Rd1+ 30. Rxd1 Qxd1+ 31. Kh2 Qd6+
32. g3 Qxb4 33. Qxa6 e5 34. Qa7 h6 35. Qe3 e4 36. Nh4 Bd2 37. Qa7 Kg7 38.
Qd7 Be1 39. Kg2 Qb6 40. Nf5+ gxf5 41. Qxf5 Qc7 42. Kf1 Bc3 43. Qg4+ Kf8 44.
Qd1 Qc4+ 45. Kg2 Qd3 46. Qh5 Qd2 47. Qc5+ Kg7 48. a5 Bd4 49. Qf5 e3 50.
Qg4+ Kf8 51. Qc8+ Ke7 52. Qc7+ Ke6 53. Qc6+ Ke5 54. Qe8+ Kd6 55. Qf8+ Kc6
56. Qxh6+ f6 57. Qf4 Qxf2+ 58. Qxf2 exf2 59. g4 Kb5 60. h4 Kxa5 61. h5 Be3
0-1

[Event "HZ Open"]
[Site "Vlissingen NED"]
[Date "2006.08.08"]
[Round "5"]
[White "Zegstroo,M"]
[Black "Zomer,K"]
[Result "0-1"]
[WhiteElo "1879"]
[BlackElo "2113"]
[EventDate "2006.08.05"]

1. c4 e6 2. d4 d5 3. Nf3 Nf6 4. Nc3 c5 5. e3 dxc4 6. Bxc4 a6 7. a4 Nc6 8.
O-O Be7 9. Qe2 cxd4 10. Rd1 e5 11. exd4 exd4 12. Bxf7+ Kxf7 13. Qc4+ Kf8
14. Nxd4 Nxd4 15. Rxd4 Qb6 16. Be3 Be6 17. Qe2 Bc5 18. Rad1 Bxd4 19. Bxd4
Qc6 20. Be5 Bc4 21. Qd2 Re8 22. Qf4 Qe6 23. Re1 Qg4 24. Qd2 Kf7 25. h3 Qe6
26. Qf4 Bd5 27. Re3 Bc6 28. g4 h6 29. b4 b6 30. b5 axb5 31. axb5 Ba8 32.
Bc7 Qb3 33. Bxb6 Rxe3 34. Qxe3 Re8 35. Qc5 Re1+ 36. Kh2 Rh1+ 37. Kg3 Ne4+
0-1

[Event "HZ Open"]
[Site "Vlissingen NED"]
[Date "2006.08.09"]
[Round "6"]
[White "Nijboer,F"]
[Black "Henrichs,T"]
[Result "1-0"]
[WhiteElo "2598"]
[BlackElo "2491"]
[EventDate "2006.08.05"]

1. e4 c5 2. Nf3 d6 3. c3 Nf6 4. h3 g6 5. Bd3 Bg7 6. Bc2 e5 7. O-O O-O 8. d3
Nc6 9. a3 a5 10. a4 h6 11. Na3 d5 12. exd5 Nxd5 13. Re1 Be6 14. Bb3 Re8 15.
Bc4 Qc7 16. Qb3 Rad8 17. Be3 b6 18. Rad1 f5 19. d4 cxd4 20. Bxd4 Bf7 21.
Nb5 Qb7 22. Be3 Nxe3 23. fxe3 Bf8 24. Rxd8 Nxd8 25. Rd1 Qc6 26. Bd5 Qc5 27.
Kh1 Kg7 28. c4 Qb4 29. Qc2 Bc5 30. Bxf7 Nxf7 31. Nc7 1-0

[Event "HZ Open"]
[Site "Vlissingen NED"]
[Date "2006.08.09"]
[Round "6"]
[White "Li Shilong"]
[Black "Ikonnikov,Vy"]
[Result "0-1"]
[WhiteElo "2540"]
[BlackElo "2587"]
[EventDate "2006.08.05"]

1. e4 c5 2. Nf3 Nc6 3. Bb5 g6 4. Bxc6 dxc6 5. d3 Bg7 6. h3 b6 7. a3 Nh6 8.
O-O O-O 9. Nc3 f6 10. Be3 Nf7 11. Nd2 e5 12. a4 a5 13. Nc4 Be6 14. Qe2 f5
15. exf5 gxf5 16. f4 Bxc4 17. dxc4 e4 18. Ra3 Qe7 19. Rb3 Rab8 20. g4 Kh8
21. Nb1 Nd8 22. gxf5 Nf7 23. Nd2 Nd6 24. Kh2 Nxf5 25. Qg2 Rbe8 26. Re1 Bh6
27. Nf1 Nh4 28. Qe2 Nf3+ 29. Kh1 Nxe1 30. Qxe1 Bxf4 31. Rxb6 Qe6 32. Qh4
Bc7 0-1

[Event "HZ Open"]
[Site "Vlissingen NED"]
[Date "2006.08.09"]
[Round "6"]
[White "L'Ami,E"]
[Black "Barua,D"]
[Result "1/2-1/2"]
[WhiteElo "2586"]
[BlackElo "2453"]
[EventDate "2006.08.05"]

1. d4 d5 2. c4 e6 3. Nc3 Nf6 4. Nf3 c6 5. Bg5 Nbd7 6. e3 Qa5 7. Nd2 dxc4 8.
Bxf6 Nxf6 9. Nxc4 Qc7 10. Rc1 Be7 11. g3 O-O 12. Bg2 Rd8 13. O-O Bd7 14.
Qf3 Be8 15. Rfd1 Nd5 16. Ne4 Rac8 17. a3 b6 18. h4 Qb8 19. Qe2 a5 20. Ng5
Nf6 21. e4 h6 22. Nf3 Qa7 23. e5 Nd5 24. Ncd2 c5 25. dxc5 Rxc5 26. Ne4
1/2-1/2

[Event "HZ Open"]
[Site "Vlissingen NED"]
[Date "2006.08.09"]
[Round "6"]
[White "Roy Chowdhury,S"]
[Black "Iordachescu,V"]
[Result "0-1"]
[WhiteElo "2394"]
[BlackElo "2603"]
[EventDate "2006.08.05"]

1. e4 g6 2. d4 Bg7 3. Nf3 d6 4. Nc3 c6 5. Be3 Qb6 6. Qd2 Qxb2 7. Rb1 Qa3 8.
Bc4 Nf6 9. e5 Ng4 10. Bg5 d5 11. Bd3 f6 12. Rb3 Qa5 13. exf6 Nxf6 14. O-O
O-O 15. Ne5 Qc7 16. Bh6 Nbd7 17. Bxg7 Kxg7 18. f4 Ng8 19. Rbb1 Nh6 20. Ne2
c5 21. c3 b6 22. Ng3 e6 23. Rbe1 Nf5 24. Qf2 Nf6 25. Bb5 Rb8 26. h3 c4 27.
Rb1 Qd6 28. Rfe1 Rb7 29. Ba4 Qa3 30. Nxf5+ exf5 31. Bc6 Rc7 32. Qc2 Qd6 33.
Ba4 Ne4 34. Qb2 Rb7 35. Bc2 b5 36. Bxe4 fxe4 37. Rf1 a5 38. Qd2 b4 39. Qe3
b3 40. axb3 cxb3 41. c4 dxc4 42. Nxc4 Qd5 43. Rfc1 a4 44. Qd2 Bd7 45. Ne3
Qd6 46. d5 Kg8 47. Rc3 Qxf4 48. d6 Be6 49. Ra1 a3 0-1

[Event "HZ Open"]
[Site "Vlissingen NED"]
[Date "2006.08.09"]
[Round "6"]
[White "Van Riemsdijk,H"]
[Black "Stellwagen,D"]
[Result "1/2-1/2"]
[WhiteElo "2376"]
[BlackElo "2575"]
[EventDate "2006.08.05"]

1. e4 c5 2. Nf3 e6 3. d4 cxd4 4. Nxd4 a6 5. Nc3 Qc7 6. g3 Bb4 7. Bd2 Nf6 8.
Bg2 Nc6 9. Nxc6 bxc6 10. O-O Be7 11. Re1 e5 12. Na4 d6 13. c4 Be6 14. Rc1
O-O 15. b3 Nd7 16. Be3 f5 17. Qd2 Nf6 18. Nc3 fxe4 19. Nxe4 Rad8 20. Nxf6+
gxf6 21. Bh6 Rf7 22. Bf3 Bf8 23. Bh5 Rfd7 24. Bxf8 Rxf8 25. Qe2 Qa7 26. Bf3
Qc7 27. Bd5 Bf7 28. Qg4+ Kh8 29. Be4 Be8 30. Rcd1 Rg7 31. Qh3 Qe7 32. Rd2
f5 33. Bg2 f4 34. Be4 Bd7 35. Qg2 c5 36. Red1 Rf6 37. b4 Ba4 38. Rb1 cxb4
39. Rxb4 Be8 40. Rb7 Qf8 41. Qh3 Rxb7 42. Bxb7 Bg6 43. Qc8 Qxc8 44. Bxc8 a5
45. gxf4 Rxf4 46. Be6 Rd4 47. Rxd4 exd4 48. f4 Kg7 49. f5 Bh5 50. Kf2 Kf6
51. Ke1 Bf3 52. Kd2 Be4 53. Bd7 h6 54. a3 Ke5 55. Be6 h5 56. h4 Bxf5 57.
Bxf5 Kxf5 58. Kd3 Kg4 59. Kxd4 Kxh4 60. Kd5 Kg3 61. Kxd6 h4 62. c5 h3 63.
c6 h2 64. c7 h1=Q 65. c8=Q Qd1+ 66. Kc6 Qc1+ 67. Kb7 Qxa3 68. Ka6 a4 69.
Qc7+ Kf3 70. Qc6+ Ke3 71. Ka5 Qb3 1/2-1/2

[Event "HZ Open"]
[Site "Vlissingen NED"]
[Date "2006.08.09"]
[Round "6"]
[White "Schlawin,M"]
[Black "Smeets,J"]
[Result "0-1"]
[WhiteElo "2349"]
[BlackElo "2532"]
[EventDate "2006.08.05"]

1. e4 c5 2. Nf3 d6 3. Bb5+ Nd7 4. d4 Ngf6 5. O-O a6 6. Bxd7+ Nxd7 7. Nc3 e6
8. Bg5 Qc7 9. d5 e5 10. a4 b6 11. Nd2 h6 12. Bh4 g6 13. Nc4 Bg7 14. Qd2 Rb8
15. h3 b5 16. axb5 axb5 17. Na5 b4 18. Ne2 Ra8 19. Nc6 Bb7 20. c3 Bf6 21.
Bxf6 Nxf6 22. cxb4 Nxe4 23. Qd3 Nf6 24. bxc5 dxc5 25. Qb5 O-O 26. Nc3 Kg7
27. Qxc5 Nxd5 28. Qxd5 Bxc6 29. Qc5 Rfc8 30. Nb5 Bxb5 31. Qxb5 Rab8 32. Qe2
Qc5 33. Rfe1 Rb5 34. Kh2 Qb4 35. Rab1 h5 36. Kg1 h4 37. Qd3 Rc4 38. Qd7 Rc2
39. b3 Qc5 40. Rf1 Rb4 41. Qd1 e4 42. Qe1 Qc3 43. Qxc3+ Rxc3 44. Rfe1 f5
45. Re3 Rc2 46. f3 Rd4 47. fxe4 f4 48. Rf3 Rdd2 49. Rxf4 Rxg2+ 50. Kh1 Rh2+
51. Kg1 Rcg2+ 52. Kf1 g5 53. Rg4 Rxg4 0-1

[Event "HZ Open"]
[Site "Vlissingen NED"]
[Date "2006.08.09"]
[Round "6"]
[White "Van der Wiel,J"]
[Black "Saptarshi,R"]
[Result "1-0"]
[WhiteElo "2508"]
[BlackElo "2373"]
[EventDate "2006.08.05"]

1. e4 d5 2. exd5 Qxd5 3. Nc3 Qa5 4. g3 h5 5. Nf3 Nc6 6. Bg2 h4 7. Nxh4 g5
8. Nf3 Bh3 9. Bxh3 Rxh3 10. d3 g4 11. Ng1 Qh5 12. Nxh3 Qxh3 13. Be3 Qg2 14.
Kd2 Bh6 15. Bxh6 Nxh6 16. Qf1 Qf3 17. Re1 O-O-O 18. Kc1 Nd4 19. Rxe7 b5 20.
Re4 b4 21. Rxd4 Rxd4 22. Ne2 Rd5 23. Nf4 Ra5 24. Kb1 Qc6 25. Qg2 Qa4 26.
Qa8+ Kd7 27. Re1 Qxa2+ 28. Kc1 Qa1+ 29. Kd2 Qxb2 30. Nd5 Nf5 31. Qe8+ Kd6
32. Qd8+ Kc5 33. Qxc7+ Kb5 34. Qc4+ 1-0

[Event "HZ Open"]
[Site "Vlissingen NED"]
[Date "2006.08.09"]
[Round "6"]
[White "Khmelniker,I"]
[Black "Grooten,H"]
[Result "0-1"]
[WhiteElo "2461"]
[BlackElo "2362"]
[EventDate "2006.08.05"]

1. d4 Nf6 2. c4 e6 3. Nf3 b6 4. g3 Ba6 5. b3 Bb4+ 6. Bd2 Be7 7. Bg2 d5 8.
O-O O-O 9. cxd5 exd5 10. Nc3 Bb7 11. Bf4 Na6 12. Qc2 Qd7 13. Rfd1 Rfd8 14.
a3 c5 15. dxc5 bxc5 16. Ng5 d4 17. Bxb7 Qxb7 18. Nce4 Nxe4 19. Qxe4 Qxe4
20. Nxe4 f5 21. Nd2 Bf6 22. Nc4 g5 23. Bd6 Rac8 24. Rac1 Rc6 25. Be5 Bxe5
26. Nxe5 Rb6 27. Rd3 Rd5 28. f4 Nc7 29. b4 Ne6 30. Nc4 Rb5 31. Ne3 Rd7 32.
fxg5 cxb4 33. axb4 Re5 34. Ng2 Rxe2 35. h4 Rb7 36. Rf3 Rxb4 37. Rxf5 d3 38.
Rc8+ Kg7 39. Rd5 Rbb2 40. Rd7+ Kg6 41. h5+ Kxh5 42. g4+ Kxg4 43. Rc4+ Kxg5
44. Rd5+ Kf6 45. Kh1 d2 0-1

[Event "HZ Open"]
[Site "Vlissingen NED"]
[Date "2006.08.09"]
[Round "6"]
[White "Michiels,B"]
[Black "Bezemer,A"]
[Result "1/2-1/2"]
[WhiteElo "2455"]
[BlackElo "2346"]
[EventDate "2006.08.05"]

1. e4 c5 2. Nf3 d6 3. d4 cxd4 4. Nxd4 Nf6 5. Nc3 a6 6. Bc4 e6 7. O-O Be7 8.
Bb3 O-O 9. f4 b5 10. e5 dxe5 11. fxe5 Nfd7 12. Bf4 Nc5 13. Kh1 Bb7 14. Rf2
Nxb3 15. axb3 Qb6 16. Rd2 Nc6 17. Qg4 Nxd4 18. Be3 f5 19. exf6 Bxf6 20.
Bxd4 Bxd4 21. Rxd4 Rf2 22. Rg1 Raf8 23. h3 Qc6 24. Re4 Rxc2 25. Rxe6 Rxg2
26. Rxc6 Rxg4 27. Rxg4 Bxc6+ 28. Kg1 Rf3 29. h4 Rd3 30. Kf2 Rd2+ 31. Ke3
Rxb2 32. b4 h6 33. Rg6 Be8 34. Rg4 Bf7 35. Ne4 Bc4 36. Nc5 Rxb4 37. Nxa6
Rb1 38. Nc5 Bf7 39. Kd2 Rf1 40. Nd3 Bc4 41. Ne5 Rf5 42. Nxc4 bxc4 43. Rxc4
Re5 44. Kd3 Kf7 45. Kd4 Re1 46. Kd3 g5 47. hxg5 hxg5 1/2-1/2

[Event "HZ Open"]
[Site "Vlissingen NED"]
[Date "2006.08.09"]
[Round "6"]
[White "Zambrana,O"]
[Black "Ziska,H"]
[Result "1/2-1/2"]
[WhiteElo "2429"]
[BlackElo "2333"]
[EventDate "2006.08.05"]

1. e4 c5 2. Nf3 d6 3. d4 cxd4 4. Nxd4 Nf6 5. Nc3 a6 6. Bg5 e6 7. f4 Nc6 8.
e5 h6 9. Bh4 g5 10. fxg5 Nd5 11. Nxd5 exd5 12. exd6 Bxd6 13. Qe2+ Kf8 14.
O-O-O hxg5 15. Bf2 Qf6 16. Nxc6 bxc6 17. Bd4 Qf4+ 18. Be3 Bg4 19. Bxf4
Bxf4+ 20. Kb1 Bxe2 21. Bxe2 Rxh2 22. Rxh2 Bxh2 23. c4 Re8 24. Bf3 dxc4 25.
Bxc6 Re2 26. Bf3 Rf2 27. Rc1 Be5 28. Rc2 Rf1+ 29. Rc1 Rxc1+ 30. Kxc1 a5 31.
Be2 c3 32. bxc3 Bxc3 33. g4 Ke7 34. Bd3 Kd6 1/2-1/2

[Event "HZ Open"]
[Site "Vlissingen NED"]
[Date "2006.08.09"]
[Round "6"]
[White "Perez,Rod"]
[Black "Freeke,M"]
[Result "1-0"]
[WhiteElo "2406"]
[BlackElo "2176"]
[EventDate "2006.08.05"]

1. c4 e6 2. Nf3 d5 3. e3 Nf6 4. Nc3 c5 5. d4 Nc6 6. a3 cxd4 7. exd4 Be7 8.
Bd3 dxc4 9. Bxc4 O-O 10. O-O b6 11. Re1 Bb7 12. Ba2 Rc8 13. Qd3 Qd6 14. Bg5
Rfd8 15. Rad1 g6 16. d5 Nxd5 17. Nxd5 Bxg5 18. Nxg5 exd5 19. Bxd5 Qf6 20.
Nxf7 Ne7 21. Nxd8+ Bxd5 22. Rxe7 Rxd8 23. Rxa7 Qg5 24. Qg3 Bf7 25. Rxd8+
Qxd8 26. h3 1-0